| 000 | 00396nam a2200145 i 4500 | ||
|---|---|---|---|
| 001 | 20716 | ||
| 003 | ES-MaACL | ||
| 005 | 20230906152342.0 | ||
| 007 | t| | ||
| 008 | 021118s1915 mx ||||1| spa d | ||
| 245 | 0 | 0 | _aAdicciones al Plan de Guadalupe y Decretos dictados conforme a las mismas. |
| 260 |
_aVeracruz : _b[s.n.], _c1915. |
||
| 300 |
_a48 p. ; _c19 cm. |
||
| 852 |
_aES-MaACL _j1490-F-15 |
||
| 999 |
_c20716 _d20716 |
||